Sevilla Current Squad - Statistics

General Stats
  • This quiz has been taken 235 times
    94 since last reset
  • The average score is 11 of 28
Answer Stats
# Player % Correct
15 Youssef En-Nesyri
77%
19 Marcos Acuña
73%
13 Yassine Bounou
72%
10 Ivan Rakitić
65%
5 Lucas Ocampos
65%
16 Jesús Navas
59%
2 Gonzalo Montiel
57%
1 Marko Dmitrović
51%
6 Nemanja Gudelj
51%
7 Suso
49%
17 Erik Lamela
48%
22 Loïc Badé
47%
20 Fernando
44%
12 Rafa Mir
44%
8 Joan Jordán
43%
21 Óliver Torres
39%
23 Marcão
33%
24 Alejandro Gómez
31%
29 Kike Salas
31%
Head Coach José Luis Mendilibar
27%
14 Tanguy Nianzou
24%
30 José Ángel Carmona
23%
9 Tecatito Corona
21%
4 Karim Rekik
16%
11 Adnan Januzaj
15%
18 Thomas Delaney
12%
36 Iván Romero
8%
33 Alfonso Pastor
5%
No matching quizzes found
Score Distribution
Percent of People with Each Score
Percentile by Number Answered
Your Score History
You have not taken this quiz since the last reset